000 00560nam a22001817a 4500
008 130301t xxu||||| |||| 00| 0 eng d
020 _a9-7801-9960-9413
082 _222 ed.
_a347.05 SIM
100 _a Sime, Stuart
_96964
245 _aApractical approach to civil procedure /
_cSime, Stuart
250 _a14 ed
260 _aLondon :
_bOxford University press
_c2011
300 _alxxxii, 665 P. ;
_c25 cm.
500 _aIncludes Index
650 _aCivil procedure
_9990
650 _aApractical approach to civil procedure
_96965
942 _2ddc
_cBK
999 _c5287
_d5287